Das Čaġatajische in der persischen Darstellung von Mīrzā Mahdī Xān

Elmentve itt :
Bibliográfiai részletek
Szerző: Menges Karl Heinrich
További közreműködők: Mahdī Khān Astarābādī Mīrzā Khan
Dokumentumtípus: Cikk
Megjelent: Deutsche Morgenländische Gesellschaft;Steiner Wiesbaden 1957
Tárgyszavak:
Online Access:http://misc.bibl.u-szeged.hu/62472
LEADER 00801nab a2200205 i 4500
001 misc62472
005 20221102092530.0
008 220801s1957 hu o 0|| ger d
040 |a SZTE Miscellanea Repozitórium  |b hun 
041 |a ger 
100 1 |a Menges Karl Heinrich 
245 1 4 |a Das Čaġatajische in der persischen Darstellung von Mīrzā Mahdī Xān  |h [elektronikus dokumentum] /  |c  Menges Karl Heinrich 
260 |a Deutsche Morgenländische Gesellschaft;Steiner  |b Wiesbaden  |c 1957 
300 |a 117 p.  |c 25 cm 
561 |a Németh Gyula hagyaték 
591 |a N 3496,NOA 3583 
650 4 |a Bölcsészettudományok 
650 4 |a Nyelvek és irodalom 
700 0 2 |a Mahdī Khān Astarābādī Mīrzā Khan 
856 4 0 |u http://misc.bibl.u-szeged.hu/62472/1/3583_noa_m53.pdf  |z Dokumentum-elérés